| 000 | 00682nam a22002537a 4500 | ||
|---|---|---|---|
| 001 | 0153 | ||
| 003 | DO-SdBPM | ||
| 005 | 20250528083850.0 | ||
| 007 | 0153 | ||
| 008 | 151005b2004 sp 00| 0 spa d | ||
| 020 | _a8467122617 | ||
| 040 |
_aDO-SdBPM _bspa _cBPMSU |
||
| 082 | 4 |
_a823.91 _bH243p 2004 _222 |
|
| 100 | 1 |
_aHannay, Barbara _d1950- |
|
| 240 | 1 | 0 | _aPrincess in the outback / |
| 245 | 1 | 0 |
_aPrincesa a la fuga / _cBarbara Hannay |
| 260 |
_aMadrid : _bHarlequin, _c2004. |
||
| 300 |
_a156 p. ; _c17 cm. |
||
| 490 | 0 |
_aJazmin, _v6-98 |
|
| 590 | _aInventariado, 2025/VM | ||
| 650 | 4 | _aNovela juvenil australiana | |
| 910 | _a VMateo V. Control de calidad. BPMSU | ||
| 942 |
_2ddc _cBK |
||
| 999 |
_c9161 _d9161 |
||